| 000 | 00605nam a2200229 a 4500 | ||
|---|---|---|---|
| 999 |
_c8037 _d8037 |
||
| 001 | 8037 | ||
| 003 | BD -JhCC | ||
| 005 | 20181120095334.0 | ||
| 008 | 880808s1943 enk 000 1 eng d | ||
| 035 | _a(BD -JhCC)8037 | ||
| 035 | _a(OCoLC)558905979 | ||
| 040 |
_aANJ _cANJ _dOCL _dBD -JhCC |
||
| 041 | _aeng | ||
| 082 |
_bFOR 1943 _a823.912 |
||
| 100 | 1 |
_aForester, C. S. _q(Cecil Scott), _d1899-1966. |
|
| 245 | 1 | 4 |
_aThe ship / _cC.S. Forester |
| 260 |
_aMichael Joseph : _bLondon, _c1943 |
||
| 300 |
_a192 p. ; _c19 cm |
||
| 650 | 0 |
_aWorld War, 1939-1945 _vFiction |
|
| 942 |
_2ddc _cBK |
||